Statistics for Movies with the Most Oscars

Click here to take the quiz!

General Stats

  • This quiz has been taken 11,985 times
    (6,152 since last reset)
  • The average score is 19 of 37

Answer Stats

# Year Actor Hint Movie % Correct
111997Kate WinsletShip sinksTitanic
100%
112003Elijah WoodThrowing jewelry into a volcanoThe Lord of the Rings:
The Return of the King
88%
71993Liam NeesonSaving Jews from NazisSchindler's List
83%
61977Carrie FisherIn a galaxy far away…Star Wars
80%
61994Tom HanksMentally impaired shrimp fishermanForrest Gump
80%
111959Charlton HestonChariot racingBen-Hur
77%
61974Al PacinoFredo you broke my heartThe Godfather, Part II
76%
62016Emma StoneMusician and actress fall in love in L.A.La La Land
74%
82008Dev PatelTrivia show on the subcontinentSlumdog Millionaire
72%
101961Natalie WoodGangs fight - and dance!West Side Story
72%
81939Vivien LeighSouthern belle postbellumGone With The Wind
70%
81982Ben KingsleyLoincloth-wearing pacifistGandhi
69%
72013Sandra BullockSpace junk is hazardousGravity
68%
71998Gwyneth PaltrowThe Bard looks for romanceShakespeare in Love
67%
71990Kevin CostnerGoing native with the SiouxDances with Wolves
64%
81984F. Murray AbrahamMurdering MozartAmadeus
63%
62002Catherine Zeta-JonesCell block tangoChicago
57%
71962Peter O'TooleBritish guerilla in the Middle EastLawrence of Arabia
57%
91996Ralph FiennesWWII burn victimThe English Patient
55%
62009Jeremy RennerBomb defuser in IraqThe Hurt Locker
53%
71970George C. ScottHard-charging WWII generalPatton
51%
81972Liza MinnelliA German club, old chumCabaret
50%
71985Meryl StreepDanish aristocrat in KenyaOut of Africa
46%
81964Audrey HepburnThe rain in Spain …My Fair Lady
45%
71957Alec GuinnessInfrastructure construction in BurmaThe Bridge on the River Kwai
44%
81954Marlon BrandoCoulda been a contendaOn the Waterfront
42%
91987John Lone Dying days of the Qing dynastyThe Last Emperor
37%
71973Robert RedfordGrifters in IllinoisThe Sting
32%
81953Burt LancasterSoldiers in HawaiiFrom Here to Eternity
23%
61950Bette DavisOld and young Broadway starsAll About Eve
22%
61951Gene Kelly'S Wonderful in FranceAn American in Paris
22%
91958Maurice ChevalierParisian bon vivantsGigi
19%
61966Paul ScofieldSir Thomas MoreA Man for All Seasons
16%
61942Greer GarsonHousewife during WWIIMrs. Miniver
15%
71944Bing CrosbyNew priest in townGoing my Way
14%
71946Myrna LoyFred, Homer, Milly, Peggy, and palsThe Best Years of our Lives
10%
61951Elizabeth TaylorTragedy at a lakeA Place in the Sun
6%

Score Distribution

Percentile by Number Answered

Percent of People with Each Score

Your Score History

You have not taken this quiz since the last reset